000 00582nam a22001817a 4500
005 20130819144939.0
010 _aENG-107844
020 _a9789380831183
_c172.00
035 _aEN-91377
037 _bDBAD/PUB
082 _a351
100 _aRao, P. Narasimha
245 _aComparative public administration /
_cby P. Narasimha Rao
260 _aHyderabad
_bStudentshelpline Publishing House
_c2011
270 _a326/C, Surneni Nilayam, near B K Guda Park, S.R. Nagar,
_bHyderabad
_e500038
300 _avarious pagings
_c22cm(pbk)
942 _2ddc
_cEN
_mRAO
_h351
999 _c77283
_d77283